00407nam a2200145Ia 4500008004100000020001500041041001200056082001600068100001700084245008100101260003600182300000800218650001900226700001600245221030s9999 xx 000 0 und d a8121919908 aEnglish a105.23bKan aP. Kandasamy 2aA Text Book of Engineering Mathematics Vol. IIcby P. Kandasamy, Balusamy, V bS. Chand & Co.aNew Delhic2000 a722 aBE Mathematics aBalusamy, V